Statistiques concernant Logos des équipes NHL

Cliquez ici pour prendre le quiz!

Statistiques générales

  • Ce quiz a été pris 657 fois
  • Le résultat moyen est 27 sur 32

Statistiques - réponses

Réponse% Correct
Boston/Bruins
97%
Montreal/Canadiens
94%
Toronto/Mapple Leafs
94%
Colorado/Avalanche
92%
Dallas/Stars
92%
Edmonton/Oilers
92%
Florida/Panthers
92%
Detroit/Red Wings
90%
Los Angeles/Kings
90%
San José/Sharks
90%
Buffalo/Sabres
89%
Chicago/Blackhawks
89%
New York/Rangers
89%
Calgary/Flames
88%
New Jersey/Devils
87%
New York/Islanders
87%
Pittsburg/Penguins
87%
Seattle/Kraken
87%
Winnipeg/Jets
87%
Anaheim/Ducks
85%
Las Vegas/Golden Knights
84%
Washington/Capitals
84%
Ottawa/Senators
83%
Minnesota/wild
81%
Tampa Bay/Lightning
81%
Arizona/Coyotes
79%
Carolina/Hurricanes
78%
Vancouvers/Canucks
78%
Philadelphia/Flyers
76%
Saint Louis/Blues
75%
Colombus/Blue Jackets
72%
Nashville/Predators
70%

Distribution des résultats

Percentile par nombre de réponses

% des personnes avec chaque résultat

Votre développement - résultats

Vous n’avez pas pris ce quiz